000 00630nam a2200241Ia 4500
003 GCL
008 140319s9999 xx 000 0 eng d
040 _aGCL /
_cGCL
082 0 4 _a932.042
_bN F
100 1 _aDESROCHES - NEBLECOURT, CHRISTIANE
245 1 0 _aLA FAMME AU TEMPS DES PHARAONS /
_cDESROCHES - NEBLECOURT, CHRISTIANE
260 _a[S.N] :
_bSTOCH ET LAURENCE PERNOUD ،
_c1986
300 _a463 P
650 0 4 _aHPARAON
650 0 4 _aEGYPT
650 0 4 _aANCIENT EGYPT
650 0 4 _aHISTORY
650 0 4 _aWOMEN
650 0 4 _aAMON
650 0 4 _aHALSHEPSONT
650 0 4 _aHISTORY, ANCIENT
942 _2ddc
_cBK
999 _c24693
_d24693